000 00588nam a2200241Ia 4500
003 OSt
005 20221005131949.0
006 a|||||r|||| 00| 0
007 ta
008 221004b |||||||| |||| 00| 0 tam d
024 _a51289
037 _cTextual
040 _aCRL
_cCRL
_btam
041 _2tam
_atam
082 _aP31:1, 31M3
100 _aShivapriya Au.
_9640370
245 0 _aTamizhmoli
260 _c1983
650 _a TAMIL LANGUAGE
650 _aPHONOLOGY
_929416
942 _hP31:1, 31M3
_cTEXL
_2cc
999 _c1061970
_d1061970